Textos de Historia del Derecho.

Guardat en:
Dades bibliogràfiques
Autor principal: Gacto Fernández, Enrique
Format: Llibre
Idioma:espanyol
Publicat: Madrid, España Universidad Complutense de Madrid 1981
Matèries:
Etiquetes: Afegir etiqueta
Sense etiquetes, Sigues el primer a etiquetar aquest registre!

MARC

LEADER 00000nam a2200000 a 4500
001 UCR2432
003 CL-VaPUC
005 20250225130618.0
008 980112e19810000SP |||||||||||||||||spa|d
999 |c 265599  |d 265597 
040 |c Pontificia Universidad Católica de Valparaíso 
082 0 4 |a 349.46 GAC 1981  |2 21 
100 |a Gacto Fernández, Enrique  |9 418915 
245 1 0 |a Textos de Historia del Derecho. 
260 0 3 |a Madrid, España  |b Universidad Complutense de Madrid  |c 1981 
300 |a 280 páginas. 
583 |a last modification  |c 19980112 00:00:00  |k Rodrigo Vera 
650 0 |a Historia del derecho  |9 255109 
650 0 |a Derecho español  |9 255291 
650 7 |a DERECHO ANTIGUO  |2 CL-VaPUC  |9 400270 
650 0 |a Derecho romano  |9 255930 
650 0 |a Derecho visigodo  |9 392738 
650 0 |a Derecho medieval  |9 314261 
650 0 |a Monarquía   |9 255259 
650 0 |a Derecho común  |9 376758 
650 0 |a Derecho comercial   |9 256340 
650 0 |a Absolutismo  |9 257456 
650 0 |a Estado de derecho  |9 257795 
650 0 |a Constituciones  |9 255417 
650 0 |a Normas jurídicas  |9 258310 
651 0 |a España  |9 254926 
942 |c BK  |2 ddc 
945 |d 19980112 00:00:00  |a cmena 
952 |0 0  |1 0  |2 ddc  |4 0  |6 349_460000000000000_GAC_1981  |7 0  |8 DER_HIS  |9 296603  |a BIBDER  |b BIBDER  |d 2019-11-20  |i 1930370  |o 349.46 GAC 1981  |p 1930370  |r 2023-01-25  |t 1  |w 2019-11-20  |x Ubicación 4to Piso  |y BK  |z Estos recursos deben solicitarse con anticipación  |k DER